| 000 | 00541nam a2200181 4500 | ||
|---|---|---|---|
| 999 |
_c6449 _d6449 |
||
| 008 | 020604s1994 enk engYA | ||
| 020 | _a9710856979 | ||
| 100 | 1 | _aGarcia, Manuel Buenconsejo | |
| 245 | 1 | 0 |
_aSocial problems in the Philippine context / _cManuel Buenconsejo Garcia |
| 260 |
_aNavotas : _bNational Book Store, _cc1994. |
||
| 300 |
_axviii, 460 p. : _bill. ; |
||
| 336 | _atext | ||
| 337 | _aunmediated | ||
| 338 | _avolume | ||
| 650 |
_aSociology _zPhilippines. |
||
| 650 |
_aSocial problems _zPhilippines.. |
||
| 942 |
_2lcc _cBK |
||